TOP 50 GK Since 2000 - Statistics

General Stats
  • This quiz has been taken 31 times
  • The average score is 26 of 49
Answer Stats
Hint Answer % Correct
3 Gianluigi Buffon
97%
2 Iker Casillas
93%
1 Manuel Neuer
93%
10 Mar-Andre ter Stegen
93%
6 David De Gea
90%
16 Ederson
90%
17 Gianluigi Donnarumma
90%
8 Jan Oblak
86%
5 Thebaut Courtois
86%
47 Joe Hart
83%
4 Petr Cech
83%
23 Dida
79%
7 Edwin Van der Sar
79%
13 Hugo Lloris
76%
24 Victor Valdes
76%
26 Wojciech Szczesny
72%
9 Alisson Becker
69%
36 Emiliano Martinez
69%
15 Oliver Kahn
69%
14 Julio Cesar
66%
44 Kasper Schmeichel
66%
12 Keylor Navas
66%
18 Samir Handanovic
66%
37 Andre Onana
59%
22 Fabian Barthez
59%
19 Jens Lehman
59%
27 Pepe Reina
55%
29 Mike Maignan
48%
34 Claudio Bravo
45%
21 Roman Weidenfeller
45%
28 Rui Patricio
45%
39 Tim Howard
45%
31 Eduoard Mendy
41%
40 Steven Mandanda
38%
38 Guillermo Ochoa
34%
35 Igor Akinfeev
31%
48 Sergio Romero
31%
41 Vitor Baia
21%
33 Framcesco Toldo
17%
20 Santiago Canizares
17%
46 Shay Given
14%
50 Willy Caballero
14%
30 Gregory Coupet
10%
43 Sebastian Frey
10%
49 Timo Hildebrand
10%
42 Andriy Pyatov
7%
32 Rogerio Ceni
7%
45 Mickael Landreau
3%
25 Rustu Recber
3%
No matching quizzes found
Score Distribution
Percent of People with Each Score
Percentile by Number Answered
Your Score History
You have not taken this quiz